UBT Library

Engineering statistics (Record no. 44737)

000 -LEADER
fixed length control field 00583cam a22002291 4500
001 - CONTROL NUMBER
control field 8887051
005 - DATE AND TIME OF LATEST TRANSACTION
control field 20180312081445.0
008 - FIXED-LENGTH DATA ELEMENTS--GENERAL INFORMATION
fixed length control field 750325s1959 nju 001 0 eng
010 ## - LIBRARY OF CONGRESS CONTROL NUMBER
LC control number 59011116
015 ## - NATIONAL BIBLIOGRAPHY NUMBER
National bibliography number GB60-12566
035 ## - SYSTEM CONTROL NUMBER
System control number (OCoLC)1236032
040 ## - CATALOGING SOURCE
Original cataloging agency DLC
Transcribing agency DLC
Modifying agency Uk
-- DLC
041 ## - LANGUAGE CODE
Language code of text/sound track or separate title eng
042 ## - AUTHENTICATION CODE
Authentication code premarc
080 ## - UNIVERSAL DECIMAL CLASSIFICATION NUMBER
Universal Decimal Classification number 519.9 BOW
082 ## - DEWEY DECIMAL CLASSIFICATION NUMBER
Classification number 519.9 BOW
100 1# - Rafti
Rafti 27
101 ## - Shkurtesa
Shkurtesa MEK
245 10 - TITLE STATEMENT
Title Engineering statistics
Statement of responsibility, etc [by] Albert H. Bowker [and] Gerald J. Lieberman.
906 ## - LOCAL DATA ELEMENT F, LDF (RLIN)
a 7
b cbc
c oclcrpl
d u
e ncip
f 19
g y-gencatlg
942 ## - ADDED ENTRY ELEMENTS (KOHA)
Source of classification or shelving scheme
Item type Books
Holdings
Withdrawn status Lost status Source of classification or shelving scheme Damaged status Not for loan Collection code Permanent location Current location Shelving location Date acquired Total Checkouts Full call number Barcode Date last seen Price effective from Koha item type
          Koleksioni i përgjithshem UBT - Lipjan UBT - Lipjan Koleksioni i përgjithshem 03/12/2018   519.9 BOW 002-3001558 03/12/2018 03/12/2018 Books
UBT Library © 2015-2024. All rights reserved University Education for Business and Technology